LEADER 01486nam a2200301 i 4500 001 000000256091 003 CaOOAMICUS 005 20240325164405.0 008 171107s2012 it u000 u ita u 013 $a234999 020 $a978-88-6019-521-0 040 $aSeMil$bita 245 10$aTheilhard de Chardin pensatore universale :$bun bilancio del cinquantenario (1955-2005) : atti del Convegno : Pisa, 1-2 dicembre 2006 /$c; a cura di Valeria Cresti, Ludovico Galleni, Silvana Procacci. 260 $aGhezzano (PI) :$bFelici,$c2012. 300 $a225 p. ;$c21 cm. 490 0 $aAttrezzi per il dialogo ;$v2 600 14$aTeilhard de Chardin, Pierre .$0(OLS)http://semarc/subject/2657 700 1 $aCresti, Valeria.$0(OLS)http://semarc/name/94630 700 1 $aProcacci, Silvana.$0(OLS)http://semarc/name/76945 700 1 $aGalleni, Ludovico.$0(OLS)http://semarc/name/90816 830 0$aAttrezzi per il dialogo ;$v2.$0(OLS)http://semarc/title/400756 850 $aSeMil 852 $aSeMil$W1$xVenegono$y1$m2K VII 66$j206437$B206437$CSeMilBibl$Z2$F219770 $81 961 $aOmaggio: Bressan don Luca 996 $6020$a978-88-6019-521-0$9(OLS)http://semarc/number/280291 996 $6245$aTheilhard de Chardin pensatore universale :$bun bilancio del cinquantenario (1955-2005) : atti del Convegno : Pisa, 1-2 dicembre 2006$9(OLS)http://semarc/title/412090 996 $6260$aGhezzano (PI) :$bFelici$9(OLS)http://semarc/publisher/55719 LEADER 01071nam a2200229 i 4500 001 000000036739 003 CaOOAMICUS 005 20101022000000.0 008 101022s1976 it u000 u ita u 013 $a6492 040 $aSeMil$bita 100 1 $aBernardini, Lorenzo.$0(OLS)http://semarc/name/17382 245 14$aUna perla del clero anconitano :$bDon Antonio Gioia : 1863-1942 /$cLorenzo Bernardini ; Con presentazione dell'Ecc.mo Mons. Carlo Maccari Arcivescovo Metropolita di Ancona. 260 $aAncona :$bCuria Arcivescovile,$cstampa 1976. 300 $a187 p. ;$c18 cm. 650 4$aGioia, Antonio.$0(OLS)http://semarc/subject/7157 700 1 $aMaccari, Carlo .$0(OLS)http://semarc/name/17383 850 $aSeMil 852 $aSeMil$W1$xVenegono$y1$m3J III 221$j2894$B2894$CSeMilBibl$Z2$F2894 $81 961 $aOmaggio: Pirovano don Angelo 996 $6245$aUna perla del clero anconitano :$bDon Antonio Gioia : 1863-1942$9(OLS)http://semarc/title/51047 996 $6260$aAncona :$bCuria Arcivescovile$9(OLS)http://semarc/publisher/39845